Education and social amelioration of women in pre-muting India (Record no. 1441456)

MARC details
000 -LEADER
fixed length control field 00596nam a2200193Ia 4500
005 - DATE AND TIME OF LATEST TRANSACTION
control field 20250923144632.0
008 - FIXED-LENGTH DATA ELEMENTS--GENERAL INFORMATION
fixed length control field 008 250917s9999 xx 000 0 eng d
037 ## - SOURCE OF ACQUISITION
Stock number Textual
040 ## - CATALOGING SOURCE
Original cataloging agency DSWL
Language of cataloging eng
Transcribing agency DSWL
041 ## - LANGUAGE CODE
Language code of text/sound track or separate title eng
Source of code eng
084 ## - COLON CLASSIFICATION NUMBER
Classification number Y15:7:7.2'N3, N36
Assigning agency DSWL
100 ## - MAIN ENTRY--PERSONAL NAME
Personal name Datta, Kalikinkar
9 (RLIN) 826848
245 #0 - TITLE STATEMENT
Title Education and social amelioration of women in pre-muting India
Statement of responsibility, etc. by Kalikinkar Datta
260 ## - PUBLICATION, DISTRIBUTION, ETC.
Place of publication, distribution, etc. Patna
Name of publisher, distributor, etc. Law Press
Date of publication, distribution, etc. 1936
365 ## - TRADE PRICE
Price type code INR
Price amount 4.50
925 ## -
-- 4.50
942 ## - ADDED ENTRY ELEMENTS (KOHA)
Koha item type Textual
Classification part Y15:7:7.2'N3, N36
Holdings
Withdrawn status Lost status Damaged status Not for loan Home library Current library Date acquired Source of acquisition Total Checkouts Full call number Barcode Date last seen Price effective from Koha item type
        Department of Social Work Library Department of Social Work Library 2025-09-23 Delhi School of Social Work   Y15:7:7.2'N3, N36 SW0005891 2025-09-23 2025-09-23 Textual
Copyright @ Delhi University Library System